000 00679nam a2200217 i 4500
001 180696
003 ES-MaACL
005 20230906221151.0
008 120626q1950 sp |||| |dspa d
080 _a75 Toulouse-Lautrec, Henri
100 1 _aPeitx, Jorge.
_9150775
245 1 0 _aLautrec y su "Moulin Rouge" /
_cJorge Peitx ; portada, fotomontaje Arman.
260 _aBarcelona :
_bEdiciones G.P.,
_c[ca. 1950]
300 _a64 p. ;
_c11 cm.
490 1 _aEnciclopedia pulga ;
_v47
600 1 4 _aToulouse-Lautrec, Henri de.
_9111132
700 1 _aArman.
_9137879
830 1 _aEnciclopedia pulga ;
_v47
_9191296
852 4 _aES-MaACL
_j2311-F-10
999 _c180696
_d180696